Municipis de la comarca del Baix Empordà - Estadísticas

Estadísticas generales
  • Esta prueba ha sido intentada 120 veces
  • La puntuación promedio es 25 de 36
Respuestas en el mapa
Las respuestas están codificadas por una escala verde-roja en el mapa de la prueba según el % correcto abajo.
 
Estadísticas de respuestas
Respuesta % Correcto
Pals
100%
Begur
97%
Palafrugell
97%
Palamós
97%
Torroella de Montgrí
97%
Calonge i Sant Antoni
94%
Castell d'Aro, Platja d'Aro i s'Agaró
94%
la Bisbal d'Empordà
91%
Sant Feliu de Guíxols
91%
Santa Cristina d'Aro
88%
Verges
79%
Mont-ras
76%
Ullà
76%
Ultramort
76%
Cruïlles, Monells i Sant Sadurní de l'Heura
70%
la Pera
70%
Ullastret
70%
Vall-llobrega
70%
Regencós
67%
Corçà
64%
Rupià
64%
Gualta
61%
Parlavà
61%
Garrigoles
58%
Jafre
58%
Serra de Daró
58%
Vilopriu
58%
Albons
55%
Bellcaire d'Empordà
55%
Colomers
55%
Foixà
55%
la Tallada d'Empordà
55%
Palau-sator
55%
Fontanilles
52%
Torrent
45%
Vulpellac, Fonteta i Peratallada
45%
No se encontraron pruebas coincidentes
Distribución de puntuación
Porcentaje de gente con cada puntuación
Porcentaje por número respondido
Historial de tus puntuaciones
No has intentado esta prueba.